Zmeny v zdaňovaní príjmov právnických osôb
Zmeny v zdaňovaní príjmov právnických osôb, ktoré nastali po 1.1.2002. Rozšírenie okruhu príjmov oslobodených od dane - príklad. Zavedenie minimálnej daňovej povinnosti - príklad. Zmeny v stanovení základu dane z príjmov. Pokračovanie v ďalšom čísle.
Salvato in:
| Autore principale: | |
|---|---|
| Natura: | Capitolo di libro |
| Lingua: | slovacco |
| Soggetti: | |
| Tags: |
Nessun Tag, puoi essere il primo ad aggiungerne!!
|
MARC
| LEADER | 00000naa a2200000 4500 | ||
|---|---|---|---|
| 001 | r044764 | ||
| 005 | 20230925125605.4 | ||
| 041 | 0 | |a slo | |
| 044 | |a SK | ||
| 245 | 1 | 0 | |a Zmeny v zdaňovaní príjmov právnických osôb |c Zdenka Kováčová |
| 520 | |a Zmeny v zdaňovaní príjmov právnických osôb, ktoré nastali po 1.1.2002. Rozšírenie okruhu príjmov oslobodených od dane - príklad. Zavedenie minimálnej daňovej povinnosti - príklad. Zmeny v stanovení základu dane z príjmov. Pokračovanie v ďalšom čísle. | ||
| 610 | 2 | 0 | |a dane z príjmov |
| 610 | 2 | 0 | |a osoby právnické |
| 610 | 2 | 0 | |a novelizácia |
| 610 | 2 | 0 | |a oslobodenie od daní |
| 610 | 2 | 0 | |a povinnosť daňová |
| 610 | 2 | 0 | |a základ dane |
| 100 | 1 | |a Kováčová, Zdenka | |